| 000 | 02354cam a22005294a 4500 | ||
|---|---|---|---|
| 001 | muse3653 | ||
| 003 | MdBmJHUP | ||
| 005 | 20210127150856.0 | ||
| 006 | m o d | ||
| 007 | cr||||||||nn|n | ||
| 008 | 081017s2009 pau o 00 0 eng d | ||
| 010 | _z 2008045779 | ||
| 020 | _a9780271052564 | ||
| 020 | _a0271052562 | ||
| 020 | _z9780271035178 (cloth : alk. paper) | ||
| 020 | _z027103517X (cloth : alk. paper) | ||
| 020 | _z9780271035185 (pbk. : alk. paper) | ||
| 020 | _z0271035188 (pbk. : alk. paper) | ||
| 035 | _a(OCoLC)613344605 | ||
| 040 |
_aMdBmJHUP _cMdBmJHUP |
||
| 043 | _ae-sp--- | ||
| 050 | 0 | 4 |
_aPQ6081 _b.M53 2009 |
| 082 | 0 |
_a861/.0440903 _222 |
|
| 100 | 1 |
_aMiddlebrook, Leah, _d1966- |
|
| 245 | 1 | 0 |
_aImperial Lyric _bNew Poetry and New Subjects in Early Modern Spain / _cLeah Middlebrook. |
| 264 | 1 | _bPennsylvania State University Press, | |
| 264 | 3 | _bProject MUSE, | |
| 300 | _a1 online resource (viii, 197 p.) | ||
| 490 | 0 | _aPenn State Romance studies | |
| 504 | _aIncludes bibliographical references and index. | ||
| 505 | 0 | _aSonnetization : Acuña, Boscán, Castillejo, and the politics of form -- Otro tiempo llore y ahora canto : Juan Boscán Courtierizes song -- Imperial pastoral : Gutierre de Cetina writes the home empire -- Heroic lyric. | |
| 506 | 0 |
_aOpen Access _fUnrestricted online access _2star |
|
| 520 | _a"Examines poetry and ideology in Early Modern Spain. Includes eight representative Peninsular writers and one poet from the Americas to demonstrate the shifting ideologies of the self, language and the state that mark watersheds for European and American modernity"--Provided by publisher. | ||
| 588 | _aDescription based on print version record. | ||
| 650 | 0 |
_aBallads, Spanish _xHistory and criticism. |
|
| 655 | 7 |
_aElectronic books. _2local |
|
| 710 | 2 |
_aProject Muse. _edistributor |
|
| 830 | 0 | _aPenn State Romance studies. | |
| 830 | 0 | _aBook collections on Project MUSE. | |
| 856 | 4 | 0 |
_zFull text available: _uhttps://muse.jhu.edu/book/294/ |
| 945 | _aProject MUSE - Archive Literature Foundation | ||
| 945 | _aProject MUSE - Archive Complete Foundation | ||
| 999 |
_c23803 _d23803 |
||